[Event "Montigny le Bretonneux Noel op 05th"]
[Site "Montigny le Bretonneux"]
[Date "2002.12.27"]
[Round "2.28"]
[White "Perodeau, Guillaume"]
[Black "Atudorei, Mihai"]
[Result "1-0"]
[WhiteElo "1580"]
[BlackElo "1009"]
[PlyCount "93"]
[EventDate "2002.12.??"]
[EventType "swiss"]
[EventRounds "7"]
[EventCountry "FRA"]
[SourceTitle "EXT 2004"]
[Source "ChessBase"]
[SourceDate "2003.11.25"]
[SourceVersion "1"]
[SourceVersionDate "2003.11.25"]
[SourceQuality "1"]

1. e4 e5 2. Nf3 d6 3. Nc3 a6 4. Bc4 Be6 5. Bxe6 fxe6 6. d4 exd4 7. Qxd4 e5 8. Qd5 Nc6 9. Ng5 Qe7 10. 0-0 Nf6 11. Qe6 Qxe6 12. Nxe6 Be7 13. Nxc7+ Kd8 14. Nxa8 Nd4 15. Bg5 Nxc2 16. Rac1 Nb4 17. Bxf6 gxf6 18. Nb6 Nd3 19. Rc2 Bf8 20. Ncd5 Bg7 21. Rd1 Nc5 22. Rxc5 dxc5 23. Nxf6+ Ke7 24. Ng4 Rg8 25. Rd7+ Ke6 26. Rxb7 a5 27. Nc4 Rd8 28. Rb6+ Ke7 29. h3 Rd1+ 30. Kh2 Rd4 31. Ncxe5 Rxe4 32. Rb7+ Kf8 33. Nd7+ Kf7 34. Nxc5+ Kg8 35. Nxe4 a4 36. b3 a3 37. Nef6+ Kh8 38. Rb8+ Bf8 39. Rxf8+ Kg7 40. Nd7 h5 41. Nge5 Kh6 42. Rg8 Kh7 43. Rg6 Kh8 44. Kg3 h4+ 45. Kg4 Kh7 46. Nf8+ Kh8 47. Nf7# 1-0